000 01783cam a2200517 a 4500
001 21711
003 VRT
005 20260309100651.0
008 180216s2016 xo a b 000 j slo
015 _aSNBA2016/10
020 _a9788055149837
_q(viaz.)
035 _a4B89C83B-7B50-4392-A36D-2AC7216A0420
035 _aurn:nbn:sk:snk-amyfn2
035 _aurn:nbn:sk:snk-am00cly4
039 9 _a202001151159
_bcsnk01
_c201812211105
_dmtotk20
_c201802161233
_dVLOAD
_c201701030850
_dmsavuk02
040 _aSVKBB
_bslo
_cSVKBB
_dSNK
_eAACR2
041 1 _aslo
_hger
044 _axo
_cSK
072 7 _a821-93
_xLiteratúra pre deti a mládež (beletria)
_2konspekt
080 _a821-34
_22011
080 _a82-93-053.2
_22011
130 0 _aMeine schönsten Kindermärchen
_lSlovensky
245 1 0 _aNajkrajšie rozprávky pre deti
_cilustrovala Felicitas Kuhnová ; [z nemeckého originálu preložila Eva Budjačová]
250 _a1. vyd.
260 _aBratislava
_bIkar, a.s. - Stonožka
_c2016
300 _a127 s.
_bfareb. ilustr.
_c27 cm
521 1 _aPre deti od 5 rokov
655 7 _arozprávky
_2SNKPH
655 7 _apublikácie pre deti
_2SNKPH
655 7 _aFairy tales
_2SNKPHeng
655 7 _aChildren's literature
_2SNKPHeng
700 1 _aKuhnová, Felicitas
_4ill
700 1 _aBudjačová, Eva
_4trl
910 _abjdg
910 _asnk
910 _asllk
910 _askpk
910 _asavuk
910 _atotk
942 _2ddc
_cKLDE
_n0
949 _62889317674
_asavukPV 23158
_bsavuk2016/3703
949 _6273K0616969
_asvkpoC 57704
_bsvkpo612420
949 _6270001000545064
_asvkbbC 61481
_bsvkbbm 763906
949 _617A1215989
_asnkSB 90678
_bsnk2016/23145
_o2095/16
_s6100:20161103
949 _617A1215990
_asnkSB 90678 D1
_bsnk2016/23146
_o2095/16
999 _c21711
_d21711